| 000 | 00614nam a2200181Ia 4500 | ||
|---|---|---|---|
| 005 | 20250508155630.0 | ||
| 008 | 008 250505s9999 xx 000 0 eng d | ||
| 037 | _aBooks to be hide in OPAC | ||
| 040 |
_aFEDL _beng _cFEDL |
||
| 041 |
_aeng _2eng |
||
| 084 |
_a379.541 4, BEN/O _qFEDL |
||
| 245 | 0 | _aQuinquennial report of the progress of education in European schools in Bengal for the years 1922-23-1926-27 | |
| 245 | 0 | _cGovernment of Bengal | |
| 260 |
_aCalcutta, India _bBengal Government Press _c1928 |
||
| 300 | _a213p. | ||
| 942 |
_cHB _h379.541 4, BEN/O |
||
| 999 |
_c1358354 _d1358354 |
||